Central Library OPAC University of Rajshahi

The geography of state policies / (Record no. 35906)

MARC details
000 -LEADER
fixed length control field 00798nam a2200277 4500
001 - CONTROL NUMBER
control field 35906
003 - CONTROL NUMBER IDENTIFIER
rucl marc code BD-RjUL
005 - DATE AND TIME OF LATEST TRANSACTION
control field 20211209052411.0
008 - FIXED-LENGTH DATA ELEMENTS--GENERAL INFORMATION
fixed length control field 140611s1968 enkb b 001 0 eng d
020 ## - INTERNATIONAL STANDARD BOOK NUMBER
International Standard Book Number 009088860X
035 ## - SYSTEM CONTROL NUMBER
System control number (BD-RjUL)36002
040 ## - CATALOGING SOURCE
Original cataloging agency DLC
Transcribing agency DLC
Modifying agency DLC
-- BD-RjUL
Language of cataloging eng
041 ## - LANGUAGE CODE
Language code of text/sound track or separate title eng
082 00 - DEWEY DECIMAL CLASSIFICATION NUMBER
Classification number 320.12
Author mark and year PRG 1968
100 1# - MAIN ENTRY--PERSONAL NAME
Personal name Prescott, J. R. V.
Fuller form of name (John Robert Victor)
9 (RLIN) 109333
245 14 - TITLE STATEMENT
Title The geography of state policies /
Statement of responsibility, etc. J. R. V. Prescott.
260 ## - PUBLICATION, DISTRIBUTION, ETC. (IMPRINT)
Place of publication, distribution, etc. London :
Name of publisher, distributor, etc. Hutchinson,
Date of publication, distribution, etc. 1968.
300 ## - PHYSICAL DESCRIPTION
Pagination 206 p. :
Illustrations ill.;
Size 22 cm.
350 ## - PRICE (NR) (BK AM CF MU VM SE) [OBSOLETE]
Price 32/6
490 0# - SERIES STATEMENT
Series statement Hutchinson university library: Geography
504 ## - BIBLIOGRAPHY, ETC. NOTE
Bibliography, etc Includes bibliographies. and Index
650 #0 - SUBJECT ADDED ENTRY--TOPICAL TERM
Topical term or geographic name as entry element Geopolitics.
9 (RLIN) 109334
942 ## - ADDED ENTRY ELEMENTS (KOHA)
Source of classification or shelving scheme Dewey Decimal Classification
Koha item type Books
Holdings
Lost status Source of classification or shelving scheme Damaged status Not for loan Collection code Permanent Location Current Location Shelving location Date acquired Source of acquisition Cost, normal purchase price Total Checkouts Full call number Date last seen Copy number Koha item type
  Dewey Decimal Classification   Not For Loan Non-fiction Central Library, University of Rajshahi Central Library, University of Rajshahi Reading Room 09/08/1971 Zeitlinger 0.00   320.12 PRG 1968 11/06/2014 C-1 Books